Statistics for Most Appearances & Goals at the FIFA World Cup for Croatia

Click here to take the quiz!

General Stats

  • This quiz has been taken 84 times
  • The average score is 11 of 18

Answer Stats

Answer% Correct
Luka Modrić
100%
Ivan Perišić
92%
Davor Šuker
88%
Mario Mandžukić
88%
Dejan Lovren
81%
Ivan Rakitić
77%
Mateo Kovačić
73%
Andrej Kramarić
68%
Marcelo Brozović
67%
Ivica Olić
64%
Ante Rebić
52%
Robert Prosinečki
49%
Stipe Pletikosa
41%
Šime Vrsaljko
40%
Robert Jarni
36%
Dario Šimić
29%
Mario Stanić
14%
Zvonimir Soldo
14%

Score Distribution

Percentile by Number Answered

Percent of People with Each Score

Your Score History

You have not taken this quiz